00967cam a22002294a 4500999001700000008004100017020003900058050002200097100002200119245007700141250001200218260006900230300003300299504006600332650003400398650002400432650003200456650004800488650004800536942003200584952012100616 c17562d17562100730s2011 ncua b s001 0 eng  a9780807834510 (cloth : alk. paper)00aN7760 b.J64 20101 aJohnson, Dorothy,10aDavid to Delacroix :bthe rise of romantic mythology /cDorothy Johnson. a1st ed. aChapel Hill [N.C.] :bUniversity of North Carolina Press,c2011. axi, 233 p. :bill. ;c24 cm. aIncludes bibliographical references (p. [193]-226) and index. 0aMythology, Classical, in art. 0aRomanticism in art. 0aPsychology and artzFrance. 0aArt, Frenchy18th centuryxThemes, motives. 0aArt, Frenchy19th centuryxThemes, motives. 2lcccBOOKShN7760 .J64 2010 00102lcc4070aMUCbMUCcTECHd2016-11-28eDonation(BFA)l0oN7760 .J64 2010p28543r2018-05-31w2016-11-28yBOOKS